[Event "Tel Aviv ASA"]
[Site "Tel Aviv"]
[Date "1995.??.??"]
[Round "2"]
[White "Har Zvi, Ronen"]
[Black "Bykhovsky, Anatoly A"]
[Result "1-0"]
[WhiteElo "2500"]
[BlackElo "2420"]

1.e4 c5 2.Nf3 Nc6 3.d4 cxd4 4.Nxd4 Qc7 5.Nc3 e6 6.g3 d6 7.Bg2 Bd7 8.Ndb5 Qb8
9.Bf4 Ne5 10.Qd4 a6 11.Nxd6+ Bxd6 12.O-O-O g5 13.Bxe5 Bxe5 14.Qxd7+ Kf8 15.Ne2 g4
16.h3 h5 17.Qd2 Qc7 18.Nf4 Ne7 19.Nd3 Bg7 20.hxg4 hxg4 21.Rxh8+ Bxh8 22.Qf4 Rc8
23.Qxc7 Rxc7 24.Rh1 Ng6 25.Rh5 Bd4 26.e5 Ke7 27.c3 b5  1-0

[Event "JUG-chT"]
[Site "Tivat"]
[Date "1995.??.??"]
[Round "2"]
[White "Kosanovic, Goran A"]
[Black "Damjanovic, Vladimir"]
[Result "1/2-1/2"]
[WhiteElo "2400"]
[BlackElo "2435"]

1.e4 c5 2.Nf3 Nc6 3.d4 cxd4 4.Nxd4 Qb6 5.Nb3 Nf6 6.Nc3 e6 7.Bd3 a6 8.O-O Be7
9.Be3 Qc7 10.f4 d6 11.Qf3 O-O 12.Nd4 Nxd4 13.Bxd4 e5 14.fxe5 dxe5 15.Qg3 Be6
16.Kh1 Nd7 17.Be3 Kh8 18.Nd5 Qd8 19.Rad1 Rc8 20.c4 Bh4 21.Qf3 Bg5 22.b4 Bxd5
23.exd5 f5 24.Bxg5 Qxg5 25.Qh3 e4 26.Be2 a5 27.a3 axb4 28.axb4 Ra8 29.c5 Ra2
30.Rde1 Qd2 31.Bb5 Qxd5 32.Bxd7 Qxd7 33.Rxe4 Rf2 34.Ree1 Rxf1+ 35.Rxf1 Qb5
36.Rb1 h6 37.Qf3  1/2-1/2

[Event "JUG-chT"]
[Site "Tivat"]
[Date "1995.??.??"]
[Round "3"]
[White "Vujacic, Borivoje"]
[Black "Knezevic, Bojan"]
[Result "1/2-1/2"]
[WhiteElo "2330"]
[BlackElo "2340"]

1.e4 c5 2.Nf3 Nc6 3.d4 cxd4 4.Nxd4 Qb6 5.Nb3 Nf6 6.Nc3 e6 7.Bd3 a6 8.O-O Be7
9.a4 Qc7 10.f4 d6 11.Kh1 b6 12.Qe2 O-O 13.Be3 Nb4 14.Nd4 Bb7 15.Bg1 Nd7 16.h3 Bf6
17.Rad1 Nc5 18.f5 e5 19.Nf3 d5 20.Bxc5 Qxc5 21.exd5 Bxd5 22.Nxd5 Nxd5 23.Be4 Ne3
24.Bxa8 Rxa8 25.Rfe1 Nxd1 26.Rxd1 Qb4 27.Nxe5 Qxa4 28.Nd7 Qc6 29.c3 b5 30.Nxf6+ Qxf6
31.Qe4 Rc8 32.Qb7 Qxf5 33.Qxa6 h5 34.Qd6 Rc5 35.Rd2  1/2-1/2

[Event "JUG-chT"]
[Site "Tivat"]
[Date "1995.??.??"]
[Round "4"]
[White "Svicevic, Rastko"]
[Black "Kovacevic, Predrag"]
[Result "1/2-1/2"]
[WhiteElo "2265"]
[BlackElo "2405"]

1.e4 c5 2.Nf3 Nc6 3.d4 cxd4 4.Nxd4 Qb6 5.Nb5 a6 6.Be3 Qd8 7.Nd4 e5 8.Nf3 Nf6
9.Bc4 Qa5+ 10.Nbd2 Nxe4 11.O-O Nxd2 12.Bxd2 Qc5 13.Qe2 Be7 14.b4 Nxb4 15.Nxe5 O-O
16.Bxb4 Qxb4 17.Qh5 d5 18.Bxd5  1/2-1/2

[Event "JUG-chT"]
[Site "Tivat"]
[Date "1995.??.??"]
[Round "9"]
[White "Ivanovic, Bozidar"]
[Black "Miladinovic, Igor"]
[Result "1-0"]
[WhiteElo "2495"]
[BlackElo "2555"]

1.e4 c5 2.Nf3 Nc6 3.d4 cxd4 4.Nxd4 Qc7 5.Nc3 e6 6.Be2 a6 7.O-O Nf6 8.Kh1 Bb4
9.Qd3 O-O 10.Bg5 Bxc3 11.bxc3 Qe5 12.f4 Qxe4 13.Qg3 Qg6 14.Bd3 Ne4 15.Bxe4 Qxe4
16.f5 Qe5 17.Bf4 Qf6 18.Nxc6  1-0

[Event "JUG-chT"]
[Site "Tivat"]
[Date "1995.??.??"]
[Round "11"]
[White "Mujagic, Ramo"]
[Black "Matulovic, Milan"]
[Result "0-1"]
[WhiteElo "2335"]
[BlackElo "2455"]

1.e4 c5 2.Nf3 Nc6 3.d4 cxd4 4.Nxd4 Qc7 5.Nc3 e6 6.g3 a6 7.Bg2 d6 8.O-O Be7
9.Re1 Bd7 10.h3 Nf6 11.Be3 O-O 12.a4 Na5 13.g4 Bc8 14.Nde2 h6 15.Ng3 Bd7
16.Nce2 Rac8 17.Nd4 Rfe8 18.c3 Nc4 19.Bc1 d5 20.b3 Ne5 21.f4 Qxc3 22.Be3 Nd3
23.Rf1 Nc5 24.Qe2 Nfxe4 25.Nxe4 Nxe4 26.Rac1 Qb4 27.Qd3 Rxc1 28.Rxc1 Rc8
29.Rxc8+ Bxc8 30.Nc2 Qd6 31.Bxe4 dxe4 32.Qxe4 Bd7 33.Nd4 Qb4 34.Qd3 Qe1+
35.Kh2 Bh4 36.Bg1 Bf2 37.Nf3 Bxg1+ 38.Nxg1 Qf2+  0-1

[Event "FRA-ch"]
[Site "Toulouse"]
[Date "1995.??.??"]
[Round "9"]
[White "Prie, Eric"]
[Black "Relange, Eloi"]
[Result "1/2-1/2"]
[WhiteElo "2480"]
[BlackElo "2455"]

1.e4 c5 2.Nf3 Nc6 3.d4 cxd4 4.Nxd4 Qc7 5.Nb5 Qb8 6.c4 Nf6 7.N5c3 e6 8.Be2 Bd6
9.h3 b6 10.O-O Bb7 11.Kh1 Bf4 12.Na3 a6 13.Na4 Bxc1 14.Rxc1 Qc7 15.Nc3 g5
16.Nd5 exd5 17.cxd5 O-O 18.dxc6 Bxc6 19.Bf3 Qf4 20.Nc4 Bxe4 21.Bxe4 Nxe4
22.Kg1  1/2-1/2

[Event "Velden op"]
[Site "Velden"]
[Date "1995.??.??"]
[Round "7"]
[White "Stanec, Nikolaus"]
[Black "Horvath, Jozsef"]
[Result "0-1"]
[WhiteElo "2480"]
[BlackElo "2510"]

1.e4 c5 2.Nf3 Nc6 3.d4 cxd4 4.Nxd4 Qc7 5.Nc3 e6 6.Be2 a6 7.O-O Nf6 8.Nxc6 bxc6
9.f4 d6 10.Qe1 d5 11.Bf3 Be7 12.Kh1 O-O 13.Be3 Bb7 14.Rd1 Rad8 15.e5 Nd7
16.Bf2 Rfe8 17.Bh4 Bxh4 18.Qxh4 c5 19.Ne2 Nf8 20.Ng3 Ng6 21.Qg4 Kh8 22.Nh5 Qe7
23.Qg3 Rg8 24.Rfe1 Nh4 25.Bg4 d4 26.Rg1 Be4 27.Rd2 Nf5 28.Bxf5 exf5 29.Rgd1 Qe6
30.b3 Qh6 31.Qh4 g5 32.Qh3 gxf4 33.Rf2 Rxg2 34.Rxg2 Rg8 35.Rg1 Rxg2 36.Rxg2 f3  0-1

[Event "EU-ch U14"]
[Site "Verdun"]
[Date "1995.??.??"]
[Round "7"]
[White "Haslinger, Stewart"]
[Black "Fressinet, Laurent"]
[Result "0-1"]
[WhiteElo "2155"]
[BlackElo "2135"]

1.e4 c5 2.Nf3 Nc6 3.d4 cxd4 4.Nxd4 Qc7 5.Nb5 Qb8 6.c4 Nf6 7.N5c3 e6 8.f4 d6
9.Be2 Be7 10.Be3 O-O 11.O-O b6 12.Nd2 Bb7 13.a3 Rd8 14.Bf3 Qc7 15.b4 Rac8
16.Rc1 Qb8 17.Qe2 Nd7 18.Qf2 Bf6 19.Rfd1 Ne7 20.Nb5 Bc6 21.Nc3 Qa8 22.Ndb1 Nf8
23.c5 bxc5 24.bxc5 Bxc3 25.cxd6 Bf6 26.e5 Bxf3 27.gxf3 Rxc1 28.Rxc1 Nf5 29.exf6 Rxd6
30.fxg7 Kxg7 31.Bxa7 Ng6 32.Qb2+ Kh6 33.Bc5 Rd3 34.Qf6 Nh4 35.Rf1 Nxf3+ 36.Rxf3 Rxf3
37.Bd4 Rxf4 38.Be3 Qe4 39.Bxf4+ Qxf4 40.Qxf4+ Nxf4 41.Nc3 Nd3 42.Kg2 Nc5
43.Kf3 e5 44.Ne4 Na6 45.Nd6 f6 46.Ke4 Kg5 47.Nf7+ Kg6 48.Nd6 Nc5+ 49.Kd5 Na4
50.Ke6 Nc3 51.Ne8 e4 52.Nxf6 e3 53.Ng4 e2 54.Ne5+ Kg5 55.Nd3 Kg4 56.Ke5 Kf3
57.Kf5 Nb5 58.a4 Nd4+ 59.Ke5 Ke3 60.Nf4 Nf3+ 61.Kf5 Nh4+  0-1

[Event "Villalba op"]
[Site "Villalba"]
[Date "1995.??.??"]
[Round "7"]
[White "Ballesteros, David"]
[Black "Pogorelov, Ruslan"]
[Result "1/2-1/2"]
[WhiteElo "2165"]
[BlackElo "2445"]

1.e4 c5 2.Nf3 Nc6 3.d4 cxd4 4.Nxd4 Qc7 5.Nc3 e6 6.Be3 a6 7.Nxc6 bxc6 8.Bd3 Nf6
9.O-O Rb8 10.Qc1 d5 11.h3 Bb4 12.e5 Nd7 13.f4 O-O 14.a3 Be7 15.Ne2 c5 16.c3 c4
17.Bc2 Nc5 18.Nd4 Bd7 19.a4 Qb7 20.Ra2 Nb3 21.Bxb3 cxb3 22.Ra1 g6 23.g4 f5
24.Kh2 Qc7 25.gxf5 gxf5 26.Qd1 Qc4 27.Qh5 Kh8 28.Rg1 Qd3 29.Rg3 Rg8 30.Qe2 Qxe2+
31.Nxe2 Rxg3 32.Nxg3 Be8 33.Ne2 Kg7 34.a5 Bb5 35.Nd4 Kf7 36.Nf3 Be2 37.Nd4 Bb5
38.Nf3 Be2 39.Nd4 Bb5 40.Nf3 h6 41.Bb6 Rc8 42.Kg3 Rg8+ 43.Kf2 Bd3 44.Rg1 Rxg1
45.Kxg1 Be2 46.Nd2 Bd1 47.Kf1 Ke8 48.Ke1 Bc2 49.Nf3 Kd7 50.Nd4 Bh4+ 51.Kd2 Bg3
52.Nxc2 bxc2 53.Be3 Kc6 54.Kxc2 Kb5 55.Kd3 Bh4 56.Bd2 Bd8 57.b4 Bh4 58.Be3 Bg3
59.Bd2 Bf2 60.Ke2 Bg3 61.Kd3 Bf2  1/2-1/2

[Event "Vinkovci"]
[Site "Vinkovci"]
[Date "1995.??.??"]
[Round "?"]
[White "Zelcic, Robert"]
[Black "Kurajica, Bojan"]
[Result "0-1"]
[WhiteElo "2500"]
[BlackElo "2585"]

1.e4 c5 2.Nf3 Nc6 3.d4 cxd4 4.Nxd4 Qb6 5.Nb3 Nf6 6.Nc3 e6 7.Be2 Bb4 8.O-O O-O
9.Qd3 Bxc3 10.bxc3 d5 11.exd5 exd5 12.Bf4 Re8 13.Rab1 Ne4 14.c4 Nb4 15.Qf3 Qf6
16.Bd3 Nc3 17.Rbe1 Be6 18.Qe3 Nxd3 19.cxd3 dxc4 20.dxc4 Nxa2 21.Be5 Qg6 22.Ba1 f6
23.Qd4 Qc2 24.Na5 b6 25.Nc6 Qxc4 26.Qd6 h5 27.Re3 Kh7 28.Nd4 Bf7 29.h3 Rad8
30.Qa3 a5 31.Qb2 Nb4 32.Rg3 Re5 33.f4 Rc5 34.Qb1+ Kg8 35.Qe4 Qd5 36.Qe7 Qd7
37.Qe4 Re8 38.Qf3 Qd5 39.Qd1 Nc2  0-1

[Event "AUT-ch"]
[Site "Voitsberg"]
[Date "1995.??.??"]
[Round "15"]
[White "Wittmann, Walter"]
[Black "Wach, Markus"]
[Result "1-0"]
[WhiteElo "2380"]
[BlackElo "2380"]

1.e4 c5 2.Nf3 Nc6 3.d4 cxd4 4.Nxd4 Qc7 5.Nc3 e6 6.Be2 a6 7.f4 Bb4 8.Nxc6 dxc6
9.Qd4 Bf8 10.Be3 c5 11.Qd2 Bd7 12.Bf3 Ne7 13.Qf2 Ng6 14.e5 Be7 15.h4 h5 16.Ne4 Bc6
17.O-O-O b6 18.Nd6+ Bxd6 19.exd6 Qd7 20.Bxc6 Qxc6 21.f5 Nf8 22.Qg3 O-O-O
23.Qxg7 Rh7 24.Qg3 exf5 25.Bg5 Rd7 26.Qe5 Qe4 27.Rhe1 Qxe5 28.Rxe5 Ne6 29.Rxf5 Nxg5
30.Rxg5 Rh6 31.b3 f6 32.Rf5 Kb7 33.Rdd5 Kc6 34.Rxh5 Rg6 35.Rd2 Rxd6 36.Rf2 Kb5
37.Rhf5 a5 38.a4+ Kc6 39.h5 Rh6 40.g4 Kc7 41.Kb2 Rd4 42.Rxf6 Rxf6 43.Rxf6 Rxg4
44.c4 Rh4 45.h6 Rh2+ 46.Kc3 Rh3+ 47.Kc2 Rh2+ 48.Kd3 Rh3+ 49.Ke4 Rxb3 50.Rf3 Rb1
51.Rh3 Re1+ 52.Kf5 Rf1+ 53.Kg6 Rg1+  1-0

[Event "SLO-ch"]
[Site "Vrhnika"]
[Date "1995.??.??"]
[Round "?"]
[White "Simic, Dragan"]
[Black "Gostisa, Leon"]
[Result "1-0"]
[WhiteElo "2255"]
[BlackElo "2430"]

1.e4 c5 2.Nf3 Nc6 3.d4 cxd4 4.Nxd4 Qb6 5.Nb3 Nf6 6.Nc3 e6 7.Be2 Bb4 8.O-O Bxc3
9.bxc3 Nxe4 10.Bd3 Nf6 11.Ba3 Qc7 12.Qd2 b6 13.Rfe1 Ng4 14.f4 d5 15.Nd4 Nxd4
16.cxd4 Bb7 17.Rac1 Nf6 18.c4 Ne4 19.cxd5 Nxd2 20.Rxc7 Bxd5 21.Bb5+  1-0

[Event "SLO-ch"]
[Site "Vrhnika"]
[Date "1995.??.??"]
[Round "?"]
[White "Susnik, Matej"]
[Black "Simic, Dragan"]
[Result "1-0"]
[WhiteElo "2190"]
[BlackElo "2255"]

1.e4 c5 2.Nf3 Nc6 3.d4 cxd4 4.Nxd4 Qc7 5.Nb5 Qb8 6.c4 a6 7.N5c3 e6 8.Be2 Bc5
9.O-O Nge7 10.Kh1 O-O 11.f4 f5 12.Nd2 Nd4 13.Bd3 b5 14.Nb3 Nxb3 15.axb3 bxc4
16.bxc4 Qc7 17.exf5 Nxf5 18.Ne4 Bd4 19.Ng5 Bf6 20.Bxf5 Bxg5 21.fxg5  1-0

[Event "SLO-ch"]
[Site "Vrhnika"]
[Date "1995.??.??"]
[Round "?"]
[White "Podlesnik, Bogdan"]
[Black "Simic, Dragan"]
[Result "1/2-1/2"]
[WhiteElo "2395"]
[BlackElo "2255"]

1.e4 c5 2.Nf3 Nc6 3.d4 cxd4 4.Nxd4 Qc7 5.Nc3 e6 6.f4 a6 7.Be2 b5 8.Nxc6 dxc6
9.O-O Bc5+ 10.Kh1 Ne7 11.e5 Nd5 12.Ne4 Be7 13.c3 O-O 14.Bd3 f5 15.exf6 Bxf6
16.a4 Rb8 17.Qh5 g6 18.Nxf6+ Rxf6 19.Qg5 Bb7 20.c4 bxc4 21.Bxc4 Rbf8 22.Bd2 Bc8
23.Bxd5 exd5 24.Rae1 Bf5 25.Bc3 R6f7 26.Be5 Qe7 27.Qh6 Be4 28.Kg1 Qa7+ 29.Rf2 Rf5
30.Qh4 R5f7 31.g4 Re8 32.Qg3 Qe7 33.h4 c5 34.Rh2 h6 35.Rhe2 Kh7 36.Bc3 h5
37.g5 Qd7 38.Bf6 Qf5 39.Kh2 Rb7 40.Be5 Re6  1/2-1/2

[Event "Werfen op"]
[Site "Werfen"]
[Date "1995.??.??"]
[Round "3"]
[White "Jovanovic, Sascha"]
[Black "Heil, Walter"]
[Result "1-0"]
[WhiteElo "2320"]
[BlackElo "2085"]

1.e4 c5 2.Nf3 Nc6 3.d4 cxd4 4.Nxd4 Qb6 5.Nb3 Nf6 6.Nc3 e6 7.Be3 Qc7 8.a3 a6
9.f4 d6 10.Bd3 Be7 11.Qf3 b6 12.O-O Bb7 13.Rae1 h5 14.h3 h4 15.Qf2 Nd7 16.Rc1 O-O-O
17.Qe2 Ncb8 18.a4 Nc5 19.Nd4 Nc6 20.Nxc6 Qxc6 21.b4 Nd7 22.Qd2 Bf6 23.Ne2 Kb8
24.c4 Qc7 25.Rb1 Ka8 26.Nc1 d5 27.cxd5 exd5 28.Qe2 dxe4 29.Bxa6 Rc8 30.Nb3 Qc2
31.Bxb7+ Kxb7 32.Qg4 Qd3 33.Rfe1 Rhd8 34.a5 Rc3 35.Rbd1 Rxb3 36.Rxd3 exd3
37.Qf3+ Kb8 38.a6 Kc7 39.Qb7+ Kd6 40.Bxb6 d2 41.Bc7+  1-0

[Event "Sonnevanck"]
[Site "Wijk aan Zee"]
[Date "1995.??.??"]
[Round "7"]
[White "Nijboer, Friso"]
[Black "Glek, Igor V"]
[Result "0-1"]
[WhiteElo "2510"]
[BlackElo "2590"]

1.e4 c5 2.Nf3 Nc6 3.d4 cxd4 4.Nxd4 Qc7 5.Nc3 e6 6.Be2 a6 7.O-O b5 8.Nxc6 dxc6
9.f4 Bb7 10.Qe1 c5 11.Bf3 b4 12.Nd1 Nf6 13.e5 Nd5 14.c4 Ne7 15.Qe2 Nf5 16.Be3 Rd8
17.Nf2 Be7 18.Rad1 O-O 19.Be4 Bxe4 20.Nxe4 Qa5 21.Bf2 Rxd1 22.Rxd1 Qxa2 23.g4 Nd4
24.Bxd4 cxd4 25.Rxd4 Rd8 26.Rxd8+ Bxd8 27.f5 Bc7 28.Nd6 Bb6+ 29.Kg2 Bd4 30.Qe4 Qxb2+
31.Kh3 Qc3+ 32.Kg2 Qd2+ 33.Kh1 Qd1+ 34.Kg2 Qg1+ 35.Kh3 Qf1+ 36.Kg3 Bf2+ 37.Kf4 Bg1+
38.Kg3 Qf2+  0-1

[Event "ARM-ch"]
[Site "Yerevan"]
[Date "1995.??.??"]
[Round "3"]
[White "Asrian, Karen"]
[Black "Anastasian, Ashot"]
[Result "0-1"]
[WhiteElo "2330"]
[BlackElo "2520"]

1.e4 c5 2.Nf3 Nc6 3.d4 cxd4 4.Nxd4 Qb6 5.Nb3 Nf6 6.Nc3 e6 7.Bd3 a6 8.O-O Be7
9.Be3 Qc7 10.f4 d6 11.Qf3 O-O 12.Rae1 Nb4 13.g4 Re8 14.g5 Nd7 15.Qh5 Bf8
16.Rf3 g6 17.Qh4 Bg7 18.f5 b5 19.Rh3 h6 20.gxh6 Bf6 21.Bg5 Bxg5 22.Qxg5 exf5
23.Ree3 Qd8 24.Qxd8 Rxd8 25.exf5 Nxd3 26.cxd3 Ne5 27.Nd4 Bb7 28.fxg6 fxg6
29.Ne6 Rd7 30.d4 b4 31.Ne2 Nc4 32.Reg3 Be4 33.N2f4 Bf5 34.Rh5 Kh7 35.Rhg5 Nd2
36.Re3 Ne4 37.Rg2 d5 38.Ng7 Rc8 39.Nd3 Rf7 40.Nxf5 Rxf5 41.Re1 Rc4 42.Ne5 Rxd4
43.Nc6 Rc4 44.Ne7 Rg5 45.Rxg5 Nxg5 46.Rd1 d4 47.h4 Nf3+ 48.Kf2 Ne5 49.h5 gxh5
50.Nf5 d3 51.Ke3 Kg6 52.Nd4 Kxh6 53.b3 Rc8 54.Rg1 Rd8 55.Nf5+ Kh7 56.Rh1 d2
57.Rd1 Kg6 58.Ng3 Ng4+ 59.Ke2 h4 60.Nf1 h3 61.Nxd2 h2 62.Rh1 Kf5 63.Nf3 Rh8
64.Kf1 Kf4 65.Kg2 Re8 66.Nd4 Re4 67.Rf1+ Ke3 68.Nf5+ Kd3 69.Ng3 Ne3+  0-1

[Event "EU-ch U18"]
[Site "Zagan"]
[Date "1995.??.??"]
[Round "2"]
[White "Tonning, Erik"]
[Black "Zitin, Yuri"]
[Result "1-0"]
[WhiteElo "2200"]
[BlackElo "2315"]

1.e4 c5 2.Nf3 Nc6 3.d4 cxd4 4.Nxd4 Qb6 5.Nb3 Nf6 6.Bd3 e6 7.Be3 Qc7 8.f4 d5
9.e5 Nd7 10.c3 Na5 11.Nxa5 Qxa5 12.Nd2 Qc7 13.O-O Bc5 14.Bd4 O-O 15.Nf3 f5
16.g4 Nb6 17.gxf5 exf5 18.Kh1 Be6 19.Rg1 Nc4 20.Ng5 Rae8 21.Bxc5 Qxc5 22.Qh5 h6
23.Nxe6 Rxe6 24.Bxf5 Re7 25.Qg6 Rxf5 26.Qxf5 Qe3 27.Rg3 Qc5 28.Rag1 Nd2 29.Qf6 Qc7
30.Qd6 Qd7 31.Qxd7 Rxd7 32.Rg6 Ne4 33.e6 Re7 34.f5 Kh7 35.R6g2 Kg8 36.Rd1 Nf6
37.Rgd2 g6 38.Rg1 g5 39.h4 g4 40.h5 Kg7 41.Rd4 Re8 42.c4 dxc4 43.Rxc4 Nxh5
44.Rgxg4+ Kf6 45.Rc5 Ke7 46.Rg6 Kd6 47.Ra5 Rf8 48.Rxa7 Rxf5 49.Rxb7 Nf4 50.e7+  1-0

[Event "EU-ch U16 Girls"]
[Site "Zagan"]
[Date "1995.??.??"]
[Round "6"]
[White "Kiss, Fernanda"]
[Black "Blimke, Dalia"]
[Result "1-0"]
[WhiteElo "2130"]
[BlackElo "2090"]

1.e4 c5 2.Nf3 Nc6 3.d4 cxd4 4.Nxd4 Qc7 5.Nc3 e6 6.g3 Nf6 7.Bg2 a6 8.O-O Be7
9.Re1 O-O 10.Nxc6 dxc6 11.e5 Rd8 12.Qf3 Nd5 13.h4 b5 14.Bg5 h6 15.Bxe7 Nxe7
16.Qe3 Bb7 17.Rad1 Nd5 18.Qc5 Rd7 19.f4 Nxc3 20.bxc3 Rad8 21.Rd4 Rxd4 22.cxd4 Qa5
23.c3 Rd7 24.a3 Qd8 25.Kf2 Qf8 26.Ke3 Qe7 27.Rc1 Kf8 28.Rc2 Qxc5 29.dxc5 Ke8
30.Rd2 Rxd2 31.Kxd2 h5 32.c4 Kd7 33.cxb5 axb5 34.Kc3 Kc7 35.Kb4 Bc8 36.Bf1 Bd7
37.Ka5 Be8 38.Be2 g6 39.Ka6 Bd7 40.Ka7 Bc8 41.g4 hxg4 42.Bxg4 Bd7 43.h5 gxh5
44.Bxh5 Be8 45.Bf3 Bd7 46.Bg4 Be8 47.Bh5 Bd7 48.Bxf7 Bc8 49.Be8 Bb7 50.Bd7  1-0

[Event "EU-ch U16 Girls"]
[Site "Zagan"]
[Date "1995.??.??"]
[Round "7"]
[White "Hitzgerova, Gabriela"]
[Black "Blimke, Dalia"]
[Result "0-1"]
[WhiteElo "2145"]
[BlackElo "2090"]

1.e4 c5 2.Nf3 Nc6 3.d4 cxd4 4.Nxd4 Qc7 5.Nc3 e6 6.Be2 a6 7.O-O Nf6 8.Be3 Bb4
9.Nxc6 bxc6 10.Na4 Be7 11.Qd3 O-O 12.c4 c5 13.f4 d6 14.Nc3 Bb7 15.Bf3 Nd7
16.Rad1 Rad8 17.g4 Bc6 18.Qe2 Qb7 19.b3 Rfe8 20.g5 Nb6 21.Qg2 Bf8 22.h4 a5
23.h5 a4 24.g6 fxg6 25.hxg6 h6 26.Bf2 axb3 27.axb3 Nd7 28.Rb1 Ra8 29.Rb2 Be7
30.Rfb1 Bf6 31.Be1 Bd4+ 32.Kh1 Ra3 33.Qc2 Nf6 34.b4 cxb4 35.Rxb4 Qa8 36.Bg2 Bxc3
37.Bxc3 Bxe4 38.Bxf6 Bxc2 39.Bxa8 Raxa8 40.Bd4 Bxb1 41.Rxb1 e5 42.fxe5 dxe5
43.Be3 Ra6 44.Kg2 Rf8 45.Kh3 Rxg6 46.Kh4 Rf3 47.Bg1 Rf4+  0-1

[Event "EU-ch U20 Girls"]
[Site "Zanka"]
[Date "1995.??.??"]
[Round "7"]
[White "Medvegy, Nora"]
[Black "Velcheva, Maria"]
[Result "0-1"]
[WhiteElo "2235"]
[BlackElo "2285"]

1.e4 c5 2.Nf3 Nc6 3.d4 cxd4 4.Nxd4 Qc7 5.Nc3 e6 6.Be3 Nf6 7.Be2 a6 8.O-O Be7
9.f4 d6 10.Kh1 O-O 11.Qe1 Bd7 12.Qg3 b5 13.e5 Ne8 14.exd6 Bxd6 15.Ne4 Be7
16.Bf3 Rc8 17.c3 Na5 18.Rad1 Nc4 19.Bc1 Nf6 20.Rfe1 Rfd8 21.Nf2 Bf8 22.Nd3 g6
23.Ne5 Bg7 24.Nxc4 bxc4 25.Qf2 Rb8 26.Qc2 Rdc8 27.g3 Qa5 28.Qg2 Qxa2 29.Bc6 Be8
30.Bxe8 Rxe8 31.Nc6 Rbc8 32.Nb4 Qa4 33.Be3 Qb5 34.Bd4 a5 35.Re5 Nd5 36.Nxd5 Bxe5
37.Bxe5 exd5 38.Rxd5 Qa6 39.Qd2 f6 40.Bd6 Qc6 41.Kg1 Rcd8 42.Rd4 Re6 43.Be5 Rde8
44.Rd6 Qc5+  0-1

[Event "Zlin"]
[Site "Zlin"]
[Date "1995.??.??"]
[Round "?"]
[White "Mokry, Karel"]
[Black "Kogan, Artur"]
[Result "1/2-1/2"]
[WhiteElo "2505"]
[BlackElo "2495"]

1.e4 c5 2.Nf3 Nc6 3.d4 cxd4 4.Nxd4 Qc7 5.Nc3 e6 6.Be2 a6 7.O-O Nf6 8.a4 Bd6
9.Nxc6 bxc6 10.Kh1 Bf4 11.Bxf4 Qxf4 12.Qd4 O-O 13.Bf3  1/2-1/2

[Event "Aegina op"]
[Site "Aegina"]
[Date "1996.??.??"]
[Round "2"]
[White "Kapnisis, Spyridon"]
[Black "Botsari Miladinovic, Anna Maria"]
[Result "1/2-1/2"]
[WhiteElo "2120"]
[BlackElo "2335"]

1.e4 c5 2.Nf3 Nc6 3.d4 cxd4 4.Nxd4 Qc7 5.Nc3 e6 6.Be2 a6 7.O-O Nf6 8.Kh1 Bb4
9.Qd3 Qd6 10.Nxc6 bxc6 11.f4 Qxd3 12.cxd3 d5 13.Bf3 a5 14.Be3 Ba6 15.Rfd1 Nd7
16.Rac1 O-O 17.Na4 Rab8 18.b3 Rfc8 19.h3 h6 20.Rc2 Kf8 21.Bc1 Bd6 22.h4 Ke8
23.h5 Bb5 24.Nc3 Ba6 25.Na4 Bb5 26.Nc3 Ba6  1/2-1/2

[Event "Andorra"]
[Site "Andorra"]
[Date "1996.??.??"]
[Round "2"]
[White "Gallego, Ruben"]
[Black "Delchev, Aleksander"]
[Result "0-1"]
[WhiteElo "2255"]
[BlackElo "2510"]

1.e4 c5 2.Nf3 Nc6 3.d4 cxd4 4.Nxd4 Qb6 5.Nb3 Nf6 6.Nc3 e6 7.Bd3 a6 8.O-O Qc7
9.f4 d6 10.a4 b6 11.Bd2 Be7 12.Qe2 Nd7 13.Rae1 Nc5 14.Nxc5 bxc5 15.f5 Ne5
16.fxe6 fxe6 17.Qh5+ g6 18.Qh6 Bf8 19.Qh4 Bg7 20.Bh6 c4 21.Bxg7 Qxg7 22.Be2 Rb8
23.a5 Qe7 24.Qf2 Rxb2 25.Na4 Rxc2 26.Nb6 Bb7 27.Qd4 Qc7 28.Bd1 Ra2 29.Ba4+ Ke7
30.Rc1 Qc5 31.Qxc5 dxc5 32.Nxc4 Bxe4 33.Nxe5 Rxg2+ 34.Kh1 Rg3+ 35.Nf3 Bxf3+  0-1

[Event "Andorra"]
[Site "Andorra"]
[Date "1996.??.??"]
[Round "2"]
[White "Jose Queralto, Daniel"]
[Black "Lupu, Mircea Sergiu"]
[Result "0-1"]
[WhiteElo "2190"]
[BlackElo "2480"]

1.e4 c5 2.Nf3 Nc6 3.d4 cxd4 4.Nxd4 Qb6 5.Nb3 Nf6 6.Nc3 e6 7.Bd3 Be7 8.O-O d6
9.Kh1 a6 10.f4 Qc7 11.Qf3 Bd7 12.Be3 Nb4 13.Rad1 Rc8 14.e5 Bc6 15.Qg3 Nh5
16.Qg4 g6 17.exd6 Bxd6 18.Be4 Bxe4 19.Nxe4 Be7 20.Bd4 O-O 21.Nec5 Rcd8 22.c3 Nc6
23.Be3 Ng7 24.Nd3 Nf5 25.Bg1 Rd5 26.Qf3 Rfd8 27.Nf2 h5 28.Rxd5 Rxd5 29.Rd1 Nh4
30.Qe3 Rxd1 31.Nxd1 Bd6 32.g3 Nf5 33.Qb6 Qd7 34.Ne3 Bb8 35.Bf2 Ba7  0-1

[Event "Ano Liosia op"]
[Site "Ano Liosia"]
[Date "1996.??.??"]
[Round "4"]
[White "Lobzhanidze, Davit"]
[Black "Grivas, Efstratios"]
[Result "0-1"]
[WhiteElo "2280"]
[BlackElo "2475"]

1.e4 c5 2.Nf3 Nc6 3.d4 cxd4 4.Nxd4 Qb6 5.Nb3 Nf6 6.Nc3 e6 7.a3 d6 8.Be2 Be7
9.O-O a6 10.Be3 Qc7 11.a4 b6 12.f4 O-O 13.Bf3 Rb8 14.Qe2 Na5 15.Nxa5 bxa5
16.Nd1 e5 17.Ra3 Rb4 18.fxe5 dxe5 19.Bg5 Be6 20.Rc3 Rc4 21.Bxf6 Bxf6 22.Qe1 Be7
23.Rxc4 Qxc4 24.c3 Bc5+ 25.Kh1 Rd8 26.Nf2 Qxa4 27.Ng4 f6 28.Ne3 Qb5 29.Nd5 Qxb2
30.Be2 Qb3 31.Qa1 a4 32.Nc7 Bc4 33.Bg4 a3 34.Rb1 Qa2 35.Qxa2 Bxa2 36.Ra1 Bc4
37.Ne6 Rb8  0-1

[Event "Ano Liosia op"]
[Site "Ano Liosia"]
[Date "1996.??.??"]
[Round "4"]
[White "Cela, Altin"]
[Black "Miladinovic, Igor"]
[Result "0-1"]
[WhiteElo "2415"]
[BlackElo "2560"]

1.e4 c5 2.Nf3 Nc6 3.d4 cxd4 4.Nxd4 Qc7 5.Nc3 e6 6.Be2 a6 7.O-O Nf6 8.Kh1 Bb4
9.Bg5 Qd6 10.Nxc6 Qxd1 11.Nxd1 bxc6 12.e5 Ne4 13.Be3 f6 14.f3 Ng5 15.Nf2 Nf7
16.Nd3 Be7 17.f4 a5 18.b3 Nh6 19.g4 Nf7 20.Rad1 a4 21.Kg2 axb3 22.axb3 Ra2
23.Rd2 fxe5 24.fxe5 Ra5 25.Bd4 Bb7 26.Ra1 Rxa1 27.Bxa1 Ng5 28.h4 c5+ 29.Kg1 Ne4
30.Rd1 Ng3 31.Bf1 Bf3  0-1

[Event "Ano Liosia op"]
[Site "Ano Liosia"]
[Date "1996.??.??"]
[Round "8"]
[White "Dervishi, Erald"]
[Black "Grivas, Efstratios"]
[Result "1/2-1/2"]
[WhiteElo "2290"]
[BlackElo "2475"]

1.e4 c5 2.Nf3 Nc6 3.d4 cxd4 4.Nxd4 Qb6 5.Nb3 Nf6 6.Nc3 e6 7.Bd3 d6 8.Be3 Qc7
9.O-O a6 10.f4 Be7 11.Qf3 O-O 12.Rae1 b5 13.g4 Bb7 14.g5 Nd7 15.Qh5 Rfe8
16.Rf3 g6 17.Qh6 Bf8 18.Qh4 Nb4 19.Rh3 h5 20.gxh6 Rac8 21.Rf1 Nxd3 22.cxd3 b4
23.Nd1 Be7 24.Qg3 Bf6 25.Nd4 Kh8 26.Nf2 e5 27.Nf3 exf4 28.Bxf4 Ne5 29.Ng5 Qe7
30.d4 Bxg5 31.Bxg5 Nf3+ 32.Qxf3 Qxg5+ 33.Rg3 Qe7 34.d5 Rf8 35.Qe3 Rce8 36.Qd4+ f6
37.Ng4 Qxe4 38.Qxe4 Rxe4 39.Nxf6 Re5 40.Rxg6 Bxd5 41.Nxd5 Rxf1+  1/2-1/2

[Event "Ano Liosia op"]
[Site "Ano Liosia"]
[Date "1996.??.??"]
[Round "8"]
[White "Lobzhanidze, Davit"]
[Black "Miladinovic, Igor"]
[Result "0-1"]
[WhiteElo "2280"]
[BlackElo "2560"]

1.e4 c5 2.Nf3 Nc6 3.d4 cxd4 4.Nxd4 Qc7 5.Nc3 e6 6.g3 a6 7.Bg2 Nf6 8.O-O Bc5
9.Nxc6 dxc6 10.Na4 Ba7 11.b4 e5 12.Nc5 a5 13.a3 Bg4 14.Qe1 O-O 15.Be3 Nd7
16.Qc3 b5 17.Nxd7 Bxd7 18.Bxa7 Rxa7 19.Qc5 Bg4 20.h3 Be2 21.Rfe1 Bc4 22.Rad1 axb4
23.axb4 Ra2 24.Rd2 h5 25.Red1 Re8 26.Rd7 Qc8 27.R1d2 Rxc2 28.Kh2 Rxd2 29.Rxd2 Re6
30.Qb6 Qf8 31.Rd8 Re8 32.Rd7 Rc8 33.Bf3 g6 34.Qb7 Be6 35.Re7 Qd8 36.Bd1 Kf8
37.Rxe6 fxe6 38.Qh7 Qf6 39.Kg2 Qg7  0-1

[Event "Ashkhabad"]
[Site "Ashkhabad"]
[Date "1996.??.??"]
[Round "13"]
[White "Odeev, Handszar"]
[Black "Batyrow, Sapar"]
[Result "0-1"]
[WhiteElo "2425"]
[BlackElo "2360"]

1.e4 c5 2.Nf3 Nc6 3.d4 cxd4 4.Nxd4 Qb6 5.Nb3 Nf6 6.Nc3 e6 7.Be3 Qc7 8.Bd3 d6
9.O-O Be7 10.f4 a6 11.a4 b6 12.Qf3 Bb7 13.Qh3 Nb4 14.Rac1 e5 15.a5 bxa5 16.Ra1 Rb8
17.Nxa5 Bc8 18.Qg3 O-O 19.fxe5 dxe5 20.Bh6 Ng4 21.Bc1 Be6 22.Kh1 Rfd8 23.Nd5 Nxd5
24.exd5 Rxd5 25.Bc4 Rxa5  0-1

[Event "Athens cup qf"]
[Site "Athens"]
[Date "1996.??.??"]
[Round "?"]
[White "Papastavropoulos, Andreas"]
[Black "Miladinovic, Igor"]
[Result "0-1"]
[WhiteElo "2245"]
[BlackElo "2535"]

1.e4 c5 2.Nf3 Nc6 3.d4 cxd4 4.Nxd4 Qc7 5.Be3 e6 6.Bd3 Nf6 7.Nd2 Ne5 8.h3 b6
9.Qe2 Bb7 10.f4 Nxd3+ 11.cxd3 Ba6 12.O-O d5 13.Rac1 Qd7 14.e5 Ne4 15.Kh2 h5
16.Bg1 Rd8 17.Qe3 Nc5 18.Rc3 g6 19.Rfc1 Bh6 20.b4 Nxd3 21.Rxd3 Bxd3 22.Qxd3 Bxf4+
23.g3 Bxe5 24.Nc6 Bb2 25.Rc2 Rc8 26.Nxa7 Rxc2 27.Qxc2 Be5 28.Nf3 Bd6 29.Nc8 O-O
30.Nxb6 Qb5 31.Bc5 Rd8 32.Nd4 Qf1 33.Bxd6 Rxd6 34.Nc8 Rd7 35.Nb6 Ra7 36.a4 h4
37.Qg2 Qc1 38.Ne2 Qe3 39.a5 Rc7 40.Nf4 Rc1 41.Nd7 hxg3+ 42.Qxg3 Rh1+ 43.Kxh1 Qxg3
44.Ng2 Qxh3+ 45.Kg1 Qa3 46.Nf6+ Kg7 47.Ne8+ Kf8  0-1

[Event "GRE-ARM"]
[Site "Athens"]
[Date "1996.??.??"]
[Round "1"]
[White "Hlgatian, Goar"]
[Black "Botsari Miladinovic, Anna Maria"]
[Result "1/2-1/2"]
[WhiteElo "2175"]
[BlackElo "2335"]

1.e4 c5 2.Nf3 Nc6 3.d4 cxd4 4.Nxd4 Qc7 5.Nb5 Qb8 6.c4 Nf6 7.N5c3 b6 8.Bd3 Bb7
9.O-O e6 10.f4 Bc5+ 11.Kh1 Nb4 12.a3 Nxd3 13.Qxd3 Ng4 14.Nd1 Qc7 15.Nbc3 a6
16.b4 Be7 17.Ne3 Nxe3 18.Bxe3 Rc8 19.Qd4 O-O 20.Rac1 Rfe8 21.Na4 Qc6 22.Nxb6 Rcd8
23.Rf2 Qxe4 24.Qxe4 Bxe4 25.Rd2 d6 26.b5 Bb7 27.Kg1 f5 28.a4 h6 29.Rcd1 Kf7
30.Kf2 g5 31.g3 Kg6 32.c5 dxc5 33.Rxd8 Rxd8 34.Rxd8 Bxd8 35.Bxc5 Bxb6  1/2-1/2